000
00313nam a2200121Ia 4500
008
190216s9999||||xx |||||||||||||| ||und||
100
_a
"Cravens ,hills & Wood Ruff"
245
0
_a
Marketing Management
260
_b
Aitbs Publishers And Distributors
_c
1996
300
_a
814p
650
_a
Commerce
942
_c
BK
999
_c
6112
_d
6112